| Поле | Инд. | ПП | Название | Значение |
|---|---|---|---|---|
| Тип записи | a | |||
| Библиографический уровень | b | |||
| 001 | Контрольный номер | RU/IS/BASE/102274007 | ||
| 005 | Дата корректировки | 20220712112844.0 | ||
| 084 | a | Индекс другой классификации/Индекс ББК | 28.42; 28.48 | |
| 100 | 10 | a | Автор | Гончиков Г. Г. |
| 100 | 1_ | a | Автор | Намсараев Б. Б. |
| 245 | 00 | a | Заглавие | Экстремофилы как клеточные фабрики: молекулярная эволюция, экология биотехнологические перспективы |
| 504 | 00 | a | Библиография | Библиогр.: с. 13 |
| 650 | 04 | a | Основная рубрика | биология |
| a | Основная рубрика | микробиология | ||
| 653 | 00 | a | Ключевые слова | архебактерии |
| a | Ключевые слова | Байкальский регион | ||
| a | Ключевые слова | биотопы | ||
| a | Ключевые слова | биоэкология | ||
| a | Ключевые слова | микроорганизмы | ||
| a | Ключевые слова | молекулярная экология | ||
| a | Ключевые слова | филогенез | ||
| a | Ключевые слова | филогенетическое древо жизни | ||
| a | Ключевые слова | экология микроорганизмов | ||
| a | Ключевые слова | экосистемы | ||
| a | Ключевые слова | экстремальные биотопы | ||
| a | Ключевые слова | экстремальные условия | ||
| a | Ключевые слова | экстремофилия | ||
| a | Ключевые слова | экстремофилы | ||
| 773 | 00 | t | Заглавие источника | Инженерная экология |
| d | Дата издания источника | 2000 | ||
| g | Прочая информация | № 1. - С. 3 - 13 : табл.,схем. | ||
| w | Контрольный № источника | RU/IS/BASE/102273151 | ||
| 901 | t | Тип документа | b |